Red Dead Redemption 2: Van Der Linde Gang - Statistics

General Stats
  • This quiz has been taken 9,874 times
  • The average score is 18 of 24
Answer Stats
Answer % Correct
Arthur Morgan
99%
Dutch Van Der Linde
99%
John Marston
97%
Micah Bell
91%
Bill Williamson
88%
Hosea Matthews
88%
Jack Marston
88%
Abigail Roberts
85%
Lenny Summers
85%
Javier Escuella
84%
Charles Smith
80%
Sean MacGuire
74%
Susan Grimshaw
74%
Sadie Adler
72%
Tilly Jackson
72%
Uncle
69%
Karen Jones
68%
Mary-Beth Gaskill
67%
Kieran Duffy
65%
Molly O’Shea
64%
Simon Pearson
64%
Leopold Strauss
58%
Reverend Orville Swanson
52%
Josiah Trelawny
51%
No matching quizzes found
Score Distribution
Percent of People with Each Score
Percentile by Number Answered
Your Score History
You have not taken this quiz